000 00525nam a2200217Ia 4500
003 OSt
005 20220924134342.0
006 a|||||r|||| 00| 0
007 ta
008 220923b |||||||| |||| 00| 0 snd d
024 _a273682
037 _cTextual
040 _aARTS
_cARTS
_bsnd
041 _2snd
_asnd
082 _aO41,3M95,DA, 1593K8
100 _aAdwani
_9206377
245 0 _aDastan
260 _c1968
942 _hO41,3M95,DA, 1593K8
_cTEXL
_2CC
999 _c437175
_d437175